| 000 | 00397nam a2200157Ia 4500 | ||
|---|---|---|---|
| 003 | STCL | ||
| 008 | 181203s9999 xx 000 0 und d | ||
| 020 | _a9789325994058 | ||
| 040 |
_aSTCL _bEN _cSTCL |
||
| 082 | _222 | ||
| 100 | _aPrakash, N.R. Mohan | ||
| 245 | 0 | _aBanking, Risk and Insurance Management | |
| 260 |
_bVikas Publishing House _aNoida _c2016 |
||
| 546 | _aEnglish | ||
| 942 |
_2ddc _cBK |
||
| 999 |
_c85423 _d85423 |
||